000 00465nam a2200133 a 4500
005 20140414131846.0
008 100701s19uu xx 00 eng d
050 _aM 241.5
_bJ71 1956
100 _aJones, Mary Alice
245 _aThe ten commandments for children :
_bExodus Chapter 20, Verses 1-17 /
_cedited by Mary Alice Jones; illustrated by Robert Bonfils.
260 _aUSA :
_bRand McNally & Company,
_c1956.
650 _aBible stories--O.T.
999 _c109937
_d109937